Statistics for Diaspora-Bangladesh

Click here to take the quiz!

General Stats

  • This quiz has been taken 75 times
  • The average score is 17 of 21

Answer Stats

Number of immigrants Continent Country % Correct
15.000.000AsiaIndia
100%
187.816North AmericaUnited States of America
98%
24.600North AmericaCanada
98%
950.000EuropeUnited Kingdom
98%
5.000EuropeGermany
92%
700.000AsiaUnited Arab Emirates
90%
137.000AsiaQatar
90%
135.000EuropeItaly
90%
27.800OceaniaAustralia
90%
1.005.000AsiaSaudi Arabia
88%
7.000EuropeSpain
88%
1.000.000AsiaMalaysia
86%
8.000AsiaIndonesia
80%
150.000AsiaKuwait
78%
90.000AsiaBahrain
78%
100.000AsiaSingapore
78%
130.000AsiaOman
75%
15.000AsiaJapan
71%
13.600AsiaSouth Korea
55%
11.000EuropeGreece
55%
40.000Asiathe Maldives
33%

Score Distribution

Percentile by Number Answered

Percent of People with Each Score

Your Score History

You have not taken this quiz